[Event "Titled Tue 3rd Jun Early"]
[Site "chess.com INT"]
[Date "2025.06.03"]
[Round "7"]
[White "Galchenko, Matvey"]
[Black "Xiong, Jeffery"]
[Result "0-1"]
[WhiteTitle "IM"]
[BlackTitle "GM"]
[WhiteElo "2442"]
[BlackElo "2636"]
[WhiteFideId "24175480"]
[BlackFideId "2047640"]
[EventDate "2025.06.03"]

1. b3 d5 2. Bb2 Bf5 3. e3 e6 4. Nf3 h6 5. g3 Nf6 6. Bg2 Be7 7. O-O O-O 8. d3 Bh7
9. Nbd2 a5 10. a3 c5 11. Ne5 a4 12. bxa4 Qe8 13. e4 Qxa4 14. exd5 exd5 15. Re1
Bd6 16. Nb3 Re8 17. Qf3 Bxe5 18. Bxe5 Nbd7 19. Bxf6 Nxf6 20. Rxe8+ Rxe8 21. Nxc5
Qd4 22. Nb3 Qb2 23. Qd1 Rc8 24. Rc1 Qxa3 25. Bh3 Rc3 26. Rb1 Bg6 27. Qd2 Rc7 28.
Nd4 Qa4 29. c3 Qa5 30. Rb3 Re7 31. Bf5 Qa1+ 32. Kg2 Bxf5 33. Nxf5 Re1 34. Rxb7
Rg1+ 35. Kf3 Qf1 36. Qe3 Qg2+ 37. Kf4 g5+ 38. Ke5 Ng4+ 39. Kd6 Nxe3 40. Rb8+ Kh7
41. Nxe3 Qxf2 42. Nxd5 Rxg3 43. Rb7 Rxd3 44. Ke5 Rxd5+ 45. Ke4 Qf5+ 0-1

[Event "Titled Tue 3rd Jun Early"]
[Site "chess.com INT"]
[Date "2025.06.03"]
[Round "7"]
[White "Sanhueza, Cristian"]
[Black "Velikanov, Alexander"]
[Result "0-1"]
[WhiteTitle "FM"]
[BlackTitle "IM"]
[WhiteElo "2182"]
[BlackElo "2372"]
[WhiteFideId "116815"]
[BlackFideId "2039290"]
[EventDate "2025.06.03"]

1. e4 e6 2. d4 d5 3. Nd2 dxe4 4. Nxe4 Bd7 5. Nf3 Bc6 6. Bd3 Nd7 7. O-O Ngf6 8.
Ng3 Be7 9. Re1 O-O 10. c4 Bxf3 11. Qxf3 c5 12. d5 exd5 13. Nf5 Re8 14. Qg3 Nh5
15. Qh3 Ndf6 16. Bg5 h6 17. Bxh6 gxh6 18. Nxh6+ Kf8 19. Nf5 dxc4 20. Be2 Qd2 21.
Bxh5 Nxh5 22. Qxh5 Bf6 23. Red1 Qg5 24. Qf3 Rad8 25. Ng3 Qe5 26. Qxb7 Qxb2 27.
Qxa7 Bd4 28. Rf1 c3 29. Nf5 c2 30. Qc7 Qxa1 31. Rxa1 Bxa1 32. g4 c1=Q+ 33. Kg2
Qg5 34. Qxc5+ Kg8 35. h3 Qf6 36. f4 Bd4 37. Qc4 Qe6 38. Qa4 Qe2+ 39. Kg3 Qf2# 0-1

[Event "Titled Tue 3rd Jun Early"]
[Site "chess.com INT"]
[Date "2025.06.03"]
[Round "7"]
[White "Ser, Daniel"]
[Black "Todorovic, Bojan"]
[Result "0-1"]
[WhiteTitle "CM"]
[BlackTitle "FM"]
[WhiteElo "2005"]
[BlackElo "2111"]
[WhiteFideId "12829404"]
[BlackFideId "917087"]
[EventDate "2025.06.03"]

1. d4 g6 2. e4 Bg7 3. Nc3 d6 4. Bf4 a6 5. Qd2 Nc6 6. Nge2 e5 7. Be3 Nf6 8. f3
O-O 9. O-O-O b5 10. Bh6 Nxd4 11. h4 Nh5 12. Bxg7 Nxe2+ 13. Nxe2 Kxg7 14. g4 Nf4
15. Nxf4 exf4 16. Qxf4 Qf6 17. Qe3 Bb7 18. h5 g5 19. h6+ Kh8 20. Bd3 c5 21. Rh5
Rg8 22. Be2 Rae8 23. Qd2 Rg6 24. c4 b4 25. b3 Bc6 26. Qb2 Re6 27. Qxf6+ Rexf6
28. e5 Re6 29. exd6 Rxe2 30. d7 Bxd7 31. Rxd7 f6 32. f4 gxf4 33. Rxc5 Re8 34.
Rcc7 Rxh6 35. c5 Rh2 36. Re7 Rxe7 37. Rxe7 f3 38. Re1 Rxa2 39. c6 Ra5 40. Rf1
Rc5+ 41. Kd2 Rxc6 42. Rxf3 Kg7 43. Rf4 a5 44. Rf5 Rc3 45. Rxa5 Rxb3 46. Ra6 Kg6
47. Ra7 h6 48. Kc2 Rg3 0-1

[Event "Titled Tue 3rd Jun Early"]
[Site "chess.com INT"]
[Date "2025.06.03"]
[Round "7"]
[White "Toroptseva, Yevheniia"]
[Black "Duarte Cramer, Lily Jeanette"]
[Result "1-0"]
[WhiteTitle "WFM"]
[BlackTitle "WCM"]
[WhiteElo "2064"]
[BlackElo "1828"]
[WhiteFideId "34109374"]
[BlackFideId "29620180"]
[EventDate "2025.06.03"]

1. Nc3 d5 2. e4 d4 3. Nce2 e5 4. d3 c5 5. f4 Nc6 6. Nf3 Bd6 7. g3 exf4 8. Bxf4
Bxf4 9. Nxf4 g5 10. Ne2 g4 11. Nd2 Qg5 12. Nf4 Nge7 13. Be2 Ng6 14. O-O Nxf4 15.
Rxf4 h5 16. Nc4 O-O 17. Nd6 f5 18. Qf1 Ne7 19. Nxc8 Raxc8 20. Qg2 Ng6 21. Rxf5
Rxf5 22. exf5 Re8 23. fxg6 Qe3+ 24. Qf2 Kg7 25. Qxe3 Rxe3 26. Kf2 Kxg6 27. Rf1
Re7 28. Ke1 Kg5 29. Kd2 h4 30. gxh4+ Kxh4 31. Rf4 Kh3 32. Bxg4+ Kxh2 33. Be2 Kg3
34. Rf5 b6 35. c3 dxc3+ 36. bxc3 Rd7 37. Rf3+ Kg2 38. Rf4 Kg3 39. Ke3 Re7+ 40.
Re4 Rf7 41. Rg4+ Kh3 42. d4 cxd4+ 43. cxd4 Re7+ 44. Re4 Rc7 45. d5 Rc3+ 46. Bd3
Ra3 47. d6 Rxa2 48. d7 Rg2 49. d8=Q Rg3+ 50. Kd4 Kg2 51. Qh4 a5 52. Re2+ Kf1 53.
Qxg3 a4 54. Re1# 1-0

[Event "Titled Tue 3rd Jun Early"]
[Site "chess.com INT"]
[Date "2025.06.03"]
[Round "7"]
[White "Mayta Aiza, Maveric"]
[Black "Rozman, Levy"]
[Result "1-0"]
[WhiteTitle "CM"]
[BlackTitle "IM"]
[WhiteElo "2184"]
[BlackElo "2324"]
[WhiteFideId "3307336"]
[BlackFideId "2039877"]
[EventDate "2025.06.03"]

1. e4 d5 2. exd5 Qxd5 3. Nc3 Qa5 4. d4 Nf6 5. Bd2 Bg4 6. Be2 Bxe2 7. Qxe2 Nc6 8.
Nf3 Qf5 9. O-O-O O-O-O 10. Be3 e6 11. h3 Bb4 12. Qc4 Bxc3 13. Qxc3 h6 14. Ne5
Nxe5 15. dxe5 Nd5 16. Qd4 b6 17. Rhe1 c5 18. Qa4 Kb7 19. c4 Nb4 20. Rd7+ Rxd7
21. Qxd7+ Ka8 22. Re2 Nxa2+ 23. Kd2 Nb4 24. Kc3 Qxe5+ 25. Kb3 Qe4 26. Rd2 Qb7
27. Qxb7+ Kxb7 28. Rd7+ Kc6 29. Rxf7 Rd8 30. Rxa7 Rd3+ 31. Ka4 Nc2 32. Re7 Nxe3
33. Rxe6+ Kc7 34. Rxe3 Rd2 35. Kb3 Rxf2 36. Re7+ Kc6 37. Rxg7 Re2 38. Rg6+ Kc7
39. Kc3 Kb7 40. b3 h5 41. h4 Rf2 42. Rg5 Ka6 43. Rxh5 Rxg2 44. Rh8 Rg3+ 45. Kb2
Rh3 46. Ka3 Rh2 47. h5 Rh3 48. h6 Rh1 49. h7 Ka7 50. Ka4 Kb7 51. Kb5 Ra1 52.
Rb8+ Kc7 53. Rxb6 Rh1 1-0

[Event "Titled Tue 3rd Jun Early"]
[Site "chess.com INT"]
[Date "2025.06.03"]
[Round "7"]
[White "Lymar, Vladislav"]
[Black "Pacheco, Daniel"]
[Result "1-0"]
[WhiteTitle "CM"]
[BlackTitle "FM"]
[WhiteElo "2216"]
[BlackElo "2191"]
[WhiteFideId "14162180"]
[BlackFideId "101680"]
[EventDate "2025.06.03"]

1. e4 c5 2. Nc3 Nc6 3. f4 a6 4. Nf3 e6 5. d4 cxd4 6. Nxd4 Qc7 7. Be3 Bb4 8. Be2
Nf6 9. Bf3 d5 10. exd5 Nxd5 11. Bxd5 exd5 12. O-O Bxc3 13. bxc3 O-O 14. f5 Re8
15. Bf4 Qa5 16. Rf3 Nxd4 17. Qxd4 Bxf5 18. Bh6 gxh6 19. Rxf5 Rac8 20. Qg4+ Kh8
21. Rxf7 Qxc3 22. Raf1 Re1 23. Qxc8+ Qxc8 24. Rxe1 Kg8 25. Rfe7 Qxc2 26. Rxb7
Qc8 27. Ree7 d4 28. Kf1 d3 29. Rbc7 Qf5+ 30. Ke1 Qf8 31. Kd2 Qf2+ 32. Kxd3 Qf5+
33. Kd4 Qf6+ 34. Kc5 Qc3+ 35. Kb6 Qb4+ 36. Ka7 Qd4+ 37. Ka8 Qd8+ 38. Kb7 h5 39.
Rc8 1-0

[Event "Titled Tue 3rd Jun Early"]
[Site "chess.com INT"]
[Date "2025.06.03"]
[Round "7"]
[White "Sabatier, Mathis"]
[Black "Mora Munoz, Alejandro"]
[Result "1-0"]
[WhiteTitle "CM"]
[BlackTitle "FM"]
[WhiteElo "2235"]
[BlackElo "2147"]
[WhiteFideId "26029685"]
[BlackFideId "4469844"]
[EventDate "2025.06.03"]

1. e4 c5 2. Nf3 d6 3. c3 Nf6 4. Be2 Nc6 5. d4 cxd4 6. cxd4 e6 7. Nc3 Be7 8. O-O
O-O 9. h3 a6 10. Be3 b5 11. Rc1 Bb7 12. a3 Rc8 13. Qd2 Na5 14. e5 Nb3 15. Qc2
Nxc1 16. Qxc1 Ne4 17. Qb1 Nxc3 18. bxc3 dxe5 19. Nxe5 Bf6 20. c4 Qd6 21. c5 Qd8
22. a4 Bxe5 23. dxe5 Bc6 24. Rd1 Qc7 25. Rd6 bxa4 26. Bd3 g6 27. Bh6 Rfd8 28.
Qc1 f5 29. Qg5 Rxd6 30. exd6 Qf7 31. Bc4 Bd5 32. Bxa6 Ra8 33. Bb5 a3 34. d7 Qxd7
35. Bxd7 a2 36. Qe7 a1=Q+ 37. Kh2 Qe5+ 38. g3 g5 39. Qxg5+ Kh8 40. c6 Ra1 41.
Qd8# 1-0

[Event "Titled Tue 3rd Jun Early"]
[Site "chess.com INT"]
[Date "2025.06.03"]
[Round "7"]
[White "Herrera Ortiz, Miguel"]
[Black "Diaz Vasquez, Martin"]
[Result "1-0"]
[WhiteTitle "IM"]
[BlackTitle "CM"]
[WhiteElo "2174"]
[BlackElo "2266"]
[WhiteFideId "5100550"]
[BlackFideId "3410579"]
[EventDate "2025.06.03"]

1. e4 c5 2. Nf3 e6 3. d4 cxd4 4. Nxd4 Nf6 5. Nc3 Nc6 6. a3 Be7 7. Be2 O-O 8. O-O
d5 9. Nxc6 bxc6 10. Bd3 a5 11. Qf3 Ba6 12. Bxa6 Rxa6 13. Rd1 Qb8 14. b3 Nd7 15.
Bf4 e5 16. Bg3 dxe4 17. Qxe4 Rd8 18. Qc4 Ra7 19. Ne4 Qc7 20. Rd2 Nb6 21. Qe2
Rxd2 22. Nxd2 f6 23. a4 Bc5 24. Ne4 Bf8 25. Rd1 Nd5 26. Qc4 Kh8 27. h4 Qb7 28.
f3 h6 29. Bf2 Qf7 30. Bxa7 Qxa7+ 31. Kh2 Ne3 32. Qd3 Nxd1 33. Qxd1 Qe3 34. Qd2
Bc5 35. Qxe3 Bxe3 36. Nd6 Kg8 37. h5 Bd2 38. g4 Kf8 39. Kg2 Ke7 40. Nf5+ Kf7 41.
Kf2 Bf4 42. Ke2 Ke6 43. Nxg7+ Kd5 44. Nf5 Bg5 45. Kd3 Kc5 46. c3 Kd5 47. Ng3 Bh4
48. Ne4 Bg5 49. b4 axb4 50. cxb4 Bh4 51. a5 1-0

[Event "Titled Tue 3rd Jun Early"]
[Site "chess.com INT"]
[Date "2025.06.03"]
[Round "7"]
[White "Golsta, Madara"]
[Black "Neustroev, Victor"]
[Result "0-1"]
[BlackTitle "FM"]
[WhiteElo "1999"]
[BlackElo "2283"]
[WhiteFideId "11607386"]
[BlackFideId "4144147"]
[EventDate "2025.06.03"]

1. e4 c5 2. Nf3 e6 3. d4 cxd4 4. Nxd4 a6 5. c4 Nf6 6. Nc3 Qc7 7. Be2 Bb4 8. Qd3
Bxc3+ 9. Qxc3 O-O 10. f3 d6 11. O-O Nbd7 12. Kh1 b6 13. Bg5 Bb7 14. Rfd1 d5 15.
cxd5 Qxc3 16. bxc3 exd5 17. exd5 Nxd5 18. Nf5 N7f6 19. Rac1 Rfe8 20. Bf1 Bc6 21.
c4 Nb4 22. a3 Re5 23. axb4 Rxf5 24. Bxf6 Rxf6 25. Be2 Re8 26. Rd2 g5 27. Kg1 Re3
28. Kf2 Rb3 29. b5 axb5 30. cxb5 Bxb5 31. Rd5 Bxe2 32. Kxe2 h6 33. Rc2 Kg7 34.
Rd7 b5 35. Rcc7 b4 0-1

[Event "Titled Tue 3rd Jun Early"]
[Site "chess.com INT"]
[Date "2025.06.03"]
[Round "7"]
[White "Florescu, Codrut-Constantin"]
[Black "Alonso Rosell, Alvar"]
[Result "0-1"]
[WhiteTitle "IM"]
[BlackTitle "GM"]
[WhiteElo "2193"]
[BlackElo "2550"]
[WhiteFideId "1202200"]
[BlackFideId "2270544"]
[EventDate "2025.06.03"]

1. d4 Nf6 2. Nf3 d5 3. c4 e6 4. Nc3 Bb4 5. e3 O-O 6. Bd2 Nbd7 7. Rc1 c6 8. a3
Bd6 9. Bd3 dxc4 10. Bxc4 e5 11. O-O exd4 12. exd4 Nb6 13. Ba2 Bg4 14. Bg5 Nbd7
15. Qd3 Qa5 16. Bh4 Qh5 17. Bg3 Bxg3 18. hxg3 Rad8 19. Rfe1 Nc5 20. Qe3 Ne6 21.
Ne5 Nxd4 22. f3 Be6 23. g4 Qh4 24. Bxe6 Nxe6 25. Nxf7 Rde8 26. Nd6 Ng5 27. Nxe8
Nh3+ 28. gxh3 Qg3+ 29. Kf1 Qxh3+ 30. Kf2 Nxg4+ 31. Ke2 Nxe3 32. Kxe3 Rxe8+ 33.
Ne4 Rf8 34. Rf1 Qh6+ 35. Ke2 Qe6 36. Rcd1 Qb3 37. Rd2 h6 38. Nc3 Qc4+ 39. Rd3 a5
40. Kd2 b5 41. Re1 b4 42. axb4 axb4 43. Ne4 c5 44. Nd6 Qa2 45. Kc2 c4 46. Rde3
c3 47. Rb1 Qa4+ 48. Kd3 Qd7 0-1

[Event "Titled Tue 3rd Jun Early"]
[Site "chess.com INT"]
[Date "2025.06.03"]
[Round "7"]
[White "Ejsymont, Blanka"]
[Black "Nguyen Thien Ngan"]
[Result "0-1"]
[WhiteTitle "WCM"]
[BlackTitle "WIM"]
[WhiteElo "1907"]
[BlackElo "1998"]
[WhiteFideId "21088268"]
[BlackFideId "12414816"]
[EventDate "2025.06.03"]

1. e4 e5 2. Nf3 Nc6 3. Nc3 Nf6 4. Bb5 d6 5. O-O Be7 6. d4 exd4 7. Nxd4 Bd7 8.
Re1 O-O 9. Bc4 Re8 10. a3 Ng4 11. h3 Nge5 12. Bf1 Nxd4 13. Qxd4 Nc6 14. Qd1 Bg5
15. Qh5 Bxc1 16. Raxc1 Re5 17. Qd1 Qg5 18. Nd5 Qd8 19. f4 Re8 20. Qh5 Ne7 21.
Bd3 Nxd5 22. exd5 g6 23. Qg5 Qxg5 24. fxg5 Kg7 25. Kf2 h6 26. gxh6+ Kxh6 27. c4
Kg5 28. b4 Re5 29. Rxe5+ dxe5 30. Re1 Re8 31. c5 f5 32. Bc4 e4 33. g3 f4 34. h4+
Kg4 35. Be2+ f3 36. Bc4 e3+ 37. Rxe3 Rxe3 38. Kxe3 Kxg3 39. Bf1 Bg4 40. d6 cxd6
41. cxd6 Kxh4 42. Kf4 Bd7 43. Kxf3 Kg5 44. Ke4 Kf6 45. Kd5 g5 46. Kd4 Ke6 47.
Bc4+ Kxd6 48. Bd5 Bc6 49. Bf7 g4 50. Ke3 g3 51. Bc4 Ke5 52. b5 Bd5 53. Bd3 Kd6
54. a4 g2 55. Kf2 Kc5 56. Bc2 Kb4 57. Bd1 Bb3 58. Bf3 b6 59. Bxg2 Bxa4 60. Bc6
Bxb5 61. Bd5 Bc4 62. Be4 a5 63. Ke1 Kc3 64. Kd1 Kb2 65. Bc2 Bb3 66. Kd2 Bxc2 0-1

[Event "Titled Tue 3rd Jun Early"]
[Site "chess.com INT"]
[Date "2025.06.03"]
[Round "7"]
[White "Fadi, Marko"]
[Black "Squella Lavin, Carlos Felipe"]
[Result "1-0"]
[WhiteTitle "FM"]
[BlackTitle "FM"]
[WhiteElo "2244"]
[BlackElo "2230"]
[WhiteFideId "10605371"]
[BlackFideId "3406792"]
[EventDate "2025.06.03"]

1. d3 d5 2. Nd2 Nf6 3. e3 e5 4. g3 Be7 5. Bg2 O-O 6. Ne2 c6 7. O-O Be6 8. b3 Qd7
9. Bb2 Qc7 10. h3 Nfd7 11. c4 a5 12. Rc1 Qd6 13. a3 f6 14. Qc2 Na6 15. Qb1 dxc4
16. Nxc4 Bxc4 17. dxc4 Qe6 18. Rfd1 Ndc5 19. Bc3 a4 20. b4 Nb3 21. Rc2 Rfd8 22.
Be1 Rxd1 23. Qxd1 Rd8 24. Qb1 Qf5 25. Rb2 Qxb1 26. Rxb1 Rd3 27. Be4 Rd8 28. Bc2
Nd2 29. Rc1 Nf3+ 30. Kf1 Nxe1 31. Kxe1 b5 32. cxb5 cxb5 33. Nc3 Nxb4 34. axb4
Bxb4 35. Be4 a3 36. Ke2 Bxc3 37. Rxc3 b4 38. Rd3 Rxd3 39. Kxd3 Kf8 40. Kc2 Ke7
41. Kb3 Kd6 42. Bxh7 Kd5 43. f3 Kc5 44. Bg8 g6 45. h4 Kd6 46. g4 g5 47. h5 Ke7
48. Kxb4 1-0

[Event "Titled Tue 3rd Jun Early"]
[Site "chess.com INT"]
[Date "2025.06.03"]
[Round "7"]
[White "Aradhya, Garg"]
[Black "Asish Panda"]
[Result "1-0"]
[WhiteTitle "IM"]
[WhiteElo "2383"]
[BlackElo "1911"]
[WhiteFideId "25006746"]
[BlackFideId "45012458"]
[EventDate "2025.06.03"]

1. d4 d5 2. c4 e6 3. Nf3 Nf6 4. Nc3 Be7 5. Bf4 O-O 6. e3 Ne4 7. Bd3 f5 8. O-O c6
9. Rc1 Nd7 10. h3 Ndf6 11. Ne5 Bd7 12. Nxe4 fxe4 13. Be2 Rc8 14. Qb3 b6 15. Rc2
dxc4 16. Bxc4 Nd5 17. Ba6 Nxf4 18. exf4 Rc7 19. Nxc6 Bxc6 20. Qxe6+ Kh8 21. Rxc6
Rf6 22. Rxc7 Rxe6 23. Rc8 Qxc8 24. Bxc8 Rc6 25. Bf5 Rc2 26. Re1 g6 27. Rxe4 Rc1+
28. Kh2 Bd6 29. Bg4 Rc2 30. Kg3 Rxb2 31. Re8+ Kg7 32. Rd8 Bb4 33. Rd7+ Kf6 34.
Rxa7 h5 35. Bf3 Be1 36. Bd5 Bxf2+ 37. Kf3 g5 38. Rf7+ Kg6 39. f5+ Kh6 40. Rf6+
Kh7 41. Ke4 Re2+ 42. Kd3 Re3+ 43. Kc4 Re7 44. Rxb6 Rc7+ 45. Bc6 Kg7 46. Rb7 Rxb7
47. Bxb7 Kf6 48. g4 1-0

[Event "Titled Tue 3rd Jun Early"]
[Site "chess.com INT"]
[Date "2025.06.03"]
[Round "7"]
[White "Khandhadia, Nivaan Rathin"]
[Black "Berikkyzy Alanna"]
[Result "0-1"]
[WhiteTitle "CM"]
[BlackTitle "WFM"]
[WhiteElo "2112"]
[BlackElo "2104"]
[WhiteFideId "25753274"]
[BlackFideId "13780719"]
[EventDate "2025.06.03"]

1. d4 c5 2. d5 d6 3. c4 g6 4. Nc3 Bg7 5. e4 f5 6. Bd3 Nf6 7. exf5 gxf5 8. Nf3
O-O 9. O-O a6 10. Re1 Ng4 11. h3 Ne5 12. Nxe5 Bxe5 13. Qh5 Qe8 14. Qg5+ Kh8 15.
Bf4 Bf6 16. Qg3 Qg6 17. Qxg6 hxg6 18. Re2 Nd7 19. Rae1 Ne5 20. Bxe5 Bxe5 21. Rc2
Bf6 22. Ne2 g5 23. f4 b6 24. fxg5 Bxg5 25. g3 Bd7 26. h4 Bf6 27. Nf4 Kg7 28.
Ne6+ Bxe6 29. Rxe6 Rae8 30. Bxf5 Bd4+ 31. Kh2 Rxf5 32. Rce2 Rf2+ 33. Rxf2 Bxf2
34. Kh3 Bd4 35. b3 Kf7 36. g4 b5 37. h5 bxc4 38. bxc4 Rb8 39. Re2 Rb4 40. Rc2
Rb2 0-1

[Event "Titled Tue 3rd Jun Early"]
[Site "chess.com INT"]
[Date "2025.06.03"]
[Round "7"]
[White "Miserendino, Alfredo"]
[Black "Redor, Menandro"]
[Result "1-0"]
[WhiteElo "2032"]
[BlackElo "2021"]
[WhiteFideId "101800"]
[BlackFideId "5222010"]
[EventDate "2025.06.03"]

1. e4 d5 2. d3 dxe4 3. dxe4 Bd7 4. Bc4 Nc6 5. Nf3 e6 6. O-O Bd6 7. Re1 e5 8. Ng5
Nh6 9. h3 Qe7 10. Qh5 O-O-O 11. c3 Be8 12. Qe2 Bd7 13. b4 a6 14. a4 f6 15. Nf3
Nb8 16. a5 Be6 17. b5 Bxc4 18. Qxc4 axb5 19. Qxb5 Na6 20. Be3 Bc5 21. Nbd2 Bxe3
22. Rxe3 Nf7 23. Rb1 c6 24. Qb6 Qc7 25. Nc4 Nd6 26. Qb3 Nxc4 27. Qxc4 Qxa5 28.
Nh4 Qc7 29. Nf5 Rd7 30. Re2 Rhd8 31. Kh2 g6 32. Ne3 Qd6 33. Ra2 Qc5 34. Qb3 f5
35. Rxa6 f4 36. Ra8+ Kc7 37. Rxd8 Kxd8 38. Ng4 h5 39. Nf6 1-0

[Event "Titled Tue 3rd Jun Early"]
[Site "chess.com INT"]
[Date "2025.06.03"]
[Round "7"]
[White "Klymchuk, Andriy"]
[Black "Deng, Henry"]
[Result "1-0"]
[WhiteTitle "FM"]
[BlackTitle "FM"]
[WhiteElo "2405"]
[BlackElo "2327"]
[WhiteFideId "14140063"]
[BlackFideId "30965454"]
[EventDate "2025.06.03"]

1. e4 c5 2. d4 cxd4 3. Qxd4 Nc6 4. Qd3 Nf6 5. Nc3 e6 6. Bf4 a6 7. O-O-O b5 8.
Kb1 Bb7 9. Nd5 exd5 10. exd5 Nb4 11. Qe2+ Qe7 12. Qd2 Ne4 13. Qd4 Nxd5 14. Bg3
Nxg3 15. hxg3 Qf6 16. Qd2 Bb4 17. c3 Bc5 18. Re1+ Kf8 19. Nf3 d6 20. Bd3 Nb6 21.
Rh5 g6 22. Rh4 d5 23. Rf4 Qd8 24. Ng5 Qxg5 25. Rxf7+ Kxf7 26. Qxg5 Rhe8 27. Qf4+
Kg8 28. Rxe8+ Rxe8 29. Qc7 Bxf2 30. Qxb7 Na4 31. Qxa6 Re1+ 32. Kc2 Be3 33. Bxb5
Nc5 34. Qc8+ Kg7 35. b4 Rc1+ 36. Kb2 Ne4 37. Qd7+ Kh6 38. Qxd5 Nxc3 39. Qe5 Nd1+
40. Kb3 Rb1+ 41. Ka4 Rc1 42. Be2 Nc3+ 43. Kb3 Bd2 44. Bd3 Nd1 45. Bc2 Ne3 46.
Qf4+ Kg7 47. Qd4+ Kh6 48. Qxd2 Rxc2 49. Qxe3+ Kg7 50. Kxc2 1-0

[Event "Titled Tue 3rd Jun Early"]
[Site "chess.com INT"]
[Date "2025.06.03"]
[Round "7"]
[White "Sanal, Vahap"]
[Black "Gurel, Ediz"]
[Result "0-1"]
[WhiteTitle "GM"]
[BlackTitle "GM"]
[WhiteElo "2555"]
[BlackElo "2636"]
[WhiteFideId "6300545"]
[BlackFideId "44507356"]
[EventDate "2025.06.03"]

1. e4 e5 2. Nf3 Nf6 3. Nxe5 d5 4. exd5 Qxd5 5. d4 Nc6 6. Nxc6 Qxc6 7. Qe2+ Kd8
8. Qc4 Qb6 9. Nc3 Be6 10. d5 Nxd5 11. Nxd5 Qa5+ 12. Qc3 Qxd5 13. Be3 Kc8 14. Be2
Bd6 15. Bf3 Qb5 16. O-O-O Be5 17. Bd4 Bxd4 18. Rxd4 c6 19. Qe3 Rd8 20. Rxd8+
Kxd8 21. Qd4+ Kc7 22. Qxg7 Rd8 23. Re1 Qb4 24. Qe5+ Kc8 25. Qe3 Bxa2 26. Rd1
Rxd1+ 27. Bxd1 a5 28. b3 Qa3+ 29. Kd2 Qd6+ 30. Ke1 Qb4+ 31. Qd2 Qe4+ 32. Kf1 a4
33. bxa4 Qxa4 34. h3 Be6 35. Kg1 Qe4 36. Bf3 Qe5 37. h4 Kc7 38. g3 Qc5 39. Kg2
b5 40. Qf4+ Kb7 41. Be4 f5 42. Bd3 b4 43. h5 Qd5+ 44. Kh2 c5 0-1

[Event "Titled Tue 3rd Jun Early"]
[Site "chess.com INT"]
[Date "2025.06.03"]
[Round "7"]
[White "Levitan, Judah Nathan"]
[Black "Buscar, Michael"]
[Result "1-0"]
[WhiteTitle "CM"]
[WhiteElo "2127"]
[BlackElo "2016"]
[WhiteFideId "14332639"]
[BlackFideId "2603616"]
[EventDate "2025.06.03"]

1. e4 c5 2. Nf3 Nc6 3. Bb5 Nf6 4. Nc3 g6 5. O-O Bg7 6. h3 O-O 7. e5 Ne8 8. Re1
Nc7 9. Bc4 d6 10. exd6 exd6 11. a3 Be6 12. Bxe6 Nxe6 13. Nd5 Ne7 14. Nxe7+ Qxe7
15. c3 d5 16. d3 Qd6 17. Qc2 Rac8 18. b3 Rfd8 19. Rb1 b6 20. Bb2 Qf4 21. c4 d4
22. Bc1 Qc7 23. b4 Re8 24. Bd2 h5 25. Re2 Nf4 26. Bxf4 Qxf4 27. Rbe1 Qb8 28. Re4
Bf8 29. Qe2 Rxe4 30. Qxe4 cxb4 31. axb4 Bxb4 32. Re2 Bc5 33. Nxd4 Bxd4 34. Qxd4
Rd8 35. Qc3 Qd6 36. Ra2 a5 37. Ra3 Re8 38. c5 bxc5 39. Rxa5 c4 40. dxc4 Qd1+ 41.
Kh2 Qd6+ 42. Qg3 Qb6 43. Rb5 Qc6 44. Qd3 Qc7+ 45. g3 Rc8 46. c5 Qc6 47. Qb3 Re8
48. Rb7 1-0

[Event "Titled Tue 3rd Jun Early"]
[Site "chess.com INT"]
[Date "2025.06.03"]
[Round "7"]
[White "Terry, Renato"]
[Black "Norowitz, Yaacov"]
[Result "0-1"]
[WhiteTitle "IM"]
[BlackTitle "IM"]
[WhiteElo "2508"]
[BlackElo "2400"]
[WhiteFideId "3803457"]
[BlackFideId "2024799"]
[EventDate "2025.06.03"]

1. e4 c6 2. Nf3 d5 3. d3 Bg4 4. Nbd2 g6 5. h3 Bxf3 6. Nxf3 Bg7 7. Qe2 e6 8. g3
Nf6 9. Bg2 O-O 10. O-O a5 11. Rb1 b5 12. b3 b4 13. Bb2 Na6 14. Ne5 Qc7 15. f4
Nd7 16. d4 Rfe8 17. c4 bxc3 18. Bxc3 Nf6 19. Rbc1 Rec8 20. Kh2 Qb7 21. Bxa5 dxe4
22. Nc4 Rcb8 23. b4 Nd5 24. a3 f5 25. Ne5 Bxe5 26. fxe5 Nac7 27. g4 Nb5 28. gxf5
gxf5 29. Qh5 Qf7 30. Qxf7+ Kxf7 31. Bxe4 Nxd4 32. Bh1 Rxa5 33. bxa5 Rb2+ 34. Kg3
Rb3+ 35. Kh2 Rb2+ 36. Kg3 f4+ 37. Kh4 Nf5+ 38. Kg5 h6+ 39. Kh5 Ng3+ 40. Kh4 Nxf1
41. Rxf1 Ne3 42. Rxf4+ Nf5+ 43. Kg4 Rb1 44. Be4 Rg1+ 45. Kf3 Rf1+ 0-1

[Event "Titled Tue 3rd Jun Early"]
[Site "chess.com INT"]
[Date "2025.06.03"]
[Round "7"]
[White "Lazavik, Denis"]
[Black "Aronian, Levon"]
[Result "0-1"]
[WhiteTitle "GM"]
[BlackTitle "GM"]
[WhiteElo "2577"]
[BlackElo "2747"]
[WhiteFideId "13515110"]
[BlackFideId "13300474"]
[EventDate "2025.06.03"]

1. d4 d5 2. c4 e6 3. Nc3 Nf6 4. cxd5 exd5 5. Bg5 Bb4 6. e3 h6 7. Bh4 g5 8. Bg3
h5 9. f3 h4 10. Bf2 Qe7 11. Bd3 Nc6 12. a3 Bd6 13. Nge2 g4 14. h3 g3 15. Bg1 b6
16. e4 dxe4 17. fxe4 Bb7 18. d5 Ne5 19. Bb5+ Ned7 20. Qa4 a6 21. Bd3 b5 22. Qc2
O-O-O 23. O-O-O Kb8 24. Nd4 Rh5 25. Kb1 Nc5 26. Nf5 Rxf5 27. exf5 Nxd3 28. Qxd3
Be5 29. Bd4 Nxd5 30. Bxe5 Qxe5 31. Ka1 Rd6 32. Rhe1 Qf4 33. Nxd5 Rxd5 34. Qe2
Rxd1+ 35. Rxd1 Qxf5 36. Rf1 Qe4 37. Qxe4 Bxe4 38. Rxf7 Bxg2 39. Rf4 Bxh3 40.
Rxh4 g2 41. Rh8+ Kb7 42. Rg8 Kc6 43. Kb1 Kd5 44. Kc2 Ke4 45. Kd2 Kf3 46. Kc3 Bg4 0-1

[Event "Titled Tue 3rd Jun Early"]
[Site "chess.com INT"]
[Date "2025.06.03"]
[Round "7"]
[White "Lortkipanidze, Nodar"]
[Black "Sharshenbekov, Emir"]
[Result "1-0"]
[WhiteTitle "IM"]
[BlackTitle "CM"]
[WhiteElo "2359"]
[BlackElo "2091"]
[WhiteFideId "13604058"]
[BlackFideId "13810634"]
[EventDate "2025.06.03"]

1. e4 e5 2. Nf3 Nf6 3. Nc3 Nc6 4. Bb5 Bb4 5. O-O O-O 6. Bxc6 dxc6 7. d3 Bg4 8.
h3 Bh5 9. Qe2 Re8 10. Nd1 Qd7 11. Ne3 Rad8 12. g4 Bg6 13. Nh4 Bc5 14. Kh1 b5 15.
a4 b4 16. b3 Bd4 17. Rb1 c5 18. Nc4 h5 19. f3 hxg4 20. fxg4 Re6 21. Bg5 Qc6 22.
Nf5 Rde8 23. Rf3 Nh7 24. Bd2 Rf8 25. Rbf1 Rfe8 26. h4 f6 27. Qg2 Qd7 28. g5 fxg5
29. hxg5 Rf8 30. Nce3 Ree8 31. Ng4 Bxf5 32. Rxf5 Rxf5 33. exf5 Rf8 34. Qe4 Qe7
35. f6 gxf6 36. gxf6 Qd7 37. Qg6+ Kh8 38. Bh6 Rg8 39. Bg7+ Rxg7 40. fxg7+ Qxg7
41. Qe8+ Qg8 42. Qxg8+ Kxg8 43. Nf6+ Nxf6 44. Rxf6 e4 45. Ra6 e3 46. Kg2 c4 47.
Kf3 cxb3 48. cxb3 Kf7 49. Rc6 Bb6 50. Rc4 a5 51. d4 Ke6 52. Kxe3 Kd5 53. Kd3 Kd6
54. Ke4 c6 55. Rc2 Bd8 56. Rg2 Bf6 57. Rg6 Ke6 58. Rh6 Kf7 59. Rh7+ Ke6 60. Ra7
Bd8 61. Ra6 Kd6 62. d5 1-0